Biblioteca

Pequeño Edu tiene hambre (Registro nro. 67727)

Detalles MARC
000 -LÍDER
Campo fijo de descripción fija 00828nam a22002537a 4500
001 - NÚMERO DE CONTROL
Campo de control BINCO
003 - IDENTIFICADOR DEL NÚMERO DE CONTROL
Campo de control CO-MdBIC
005 - FECHA Y HORA DE LA ULTIMA TRANSACCIÓN
control field 20220420163259.0
008 - ELEMENTOS DE LONGITUD FIJA -- INFORMACIÓN GENERAL
Campo fijo de descripción fija -- Información general 220411b2005 spaa|||| |||| 00| 0 spa d
020 ## - NÚMERO INTERNACIONAL NORMALIZADO PARA LIBROS
Número Internacional Normalizado del libro 8426134165
040 ## - FUENTE DE CATALOGACIÓN
Agencia de catalogación original CO-MdBIC
Idioma de catalogación spa.
Agencia que realiza la transcripción CO-MdBIC
Agencia que realiza la modificación CO-MdBIC
041 ## - CÓDIGO DE IDIOMA
Código de idioma para texto/pista de sonido o título separado spa
082 ## - NÚMERO DE CLASIFICACIÓN DECIMAL DEWEY
Número de la edición del Dewey 22
Número de clasificación 839.313
Clave de autor-Numero de item B586
100 ## - ASIENTO PRINCIPAL--NOMBRE PERSONAL
Nombre personal Bie, Linne ‎
245 ## - TÍTULO
Título del Material Pequeño Edu tiene hambre
Mención de responsabilidad, etc. / Bie, Linne, escritora
250 ## - MENCIÓN DE EDICIÓN
Mención de edición Primera edición
260 1# - PUBLICACIÓN, DISTRIBUCIÓN, ETC. (PIE DE IMPRENTA)
Lugar de publicación, distribución, etc. Barcelona, España;
Nombre del editor, distribuidor, etc. Juventud,
Fecha de publicación, distribución, etc. [2005]
260 4# - PUBLICACIÓN, DISTRIBUCIÓN, ETC. (PIE DE IMPRENTA)
Lugar de publicación, distribución, etc. © 2005
300 ## - DESCRIPCIÓN FÍSICA
Extensión 12 paginas;
Otros detalles físicos ilustraciones a color:
Dimensiones 16 cm.
500 ## - NOTA GENERAL
Nota General Edu tiene hambre. Antes de comer, tiene que ponerse el babero. Se sienta en la trona. Edu se lo come todo. Ñam ñam.
650 #7 - ASIENTO SECUNDARIO DE MATERIA - TERMINO TEMÁTICO
9 (RLIN) 100
Término temático o nombre geográfico como elemento de entrada Educación infantil
700 ## - ASIENTO SECUNDARIO - NOMBRE PERSONAL
Nombre personal Christiane Reyes
Responsabilidad traductora
942 ## - TIPO DE MATERIAL (KOHA)
Tipo de Item KOHA Z- Libro General BINCO
Existencias
Estado de Material Estado de Perdido Forma de Clasificación Estado de Dañado No para Préstamo Biblioteca de Origen Biblioteca Permanente Fecha de Adquisición Total de Préstamos Signatura Topográfica Código de Barras Última vez visto Ejemplar/Existencia Fecha de Remplazo Tipo de Material
    Dewey Decimal Classification     Biblioteca Infantil Comunitaria BINCO Biblioteca Infantil Comunitaria BINCO 11/04/2022   839.313 B586 B32417 11/04/2022 ej.1 11/04/2022 Z- Libro General BINCO

Biblioteca FUSBC | Teléfono: (57+4) 349 88 10 Ext. 141| WhatsApp (+57) 3005338115 
E-mail: biblioteca@unisbc.edu.co | Calle 76 87-14 Robledo Palenque, Medellín, Colombia

Con tecnología Koha